00880nam a2200241 i 450000100060000000300090000600500170001500700030003200800410003508000140007608000220009010000190011224500960013126000460022730000200027349000710029350500520036460000350041661000240045165100680047583000710054385200240061494807ES-MaACL20250820095810.0t|050516s1905 ag ||||1| spa d a989.2"17" a271.5(892)"16/17"1 aLozano, Pedro.10aHistoria de las revoluciones de la provincia del Paraguay b: (1721-1735) / cPedro Lozano. aBuenos Aires : bCabaut y Cía., c1905. a2 v. ; c23 cm.1 aBiblioteca de la Junta de Historia y Numismática Americana ; v28 aContiene: T.I. Antequera -- T.II. Los comuneros14aAntequera y Castro, José de.24aJesuitas-zParaguay 4aParaguay-xHistoria-y1717-1735, Revolución de los Comuneros.0 aBiblioteca de la Junta de Historia y Numismática Americana ; v2 aES-MaACLjD-4062-63